UM Logo

Math power. (Record no. 5590)

MARC details
000 -LEADER
fixed length control field 01273cam a2200349 a 4500
001 - CONTROL NUMBER
control field 13243940
005 - DATE AND TIME OF LATEST TRANSACTION
control field 20161112115037.0
008 - FIXED-LENGTH DATA ELEMENTS--GENERAL INFORMATION
fixed length control field 030618s2003 nyua 000 0 eng
010 ## - LIBRARY OF CONGRESS CONTROL NUMBER
LC control number 2003269120
020 ## - INTERNATIONAL STANDARD BOOK NUMBER
International Standard Book Number 0743241142
040 ## - CATALOGING SOURCE
Original cataloging agency DLC
Transcribing agency DLC
Modifying agency DLC
050 00 - LIBRARY OF CONGRESS CALL NUMBER
Classification number QA93
Item number .S67 2003
082 00 - DEWEY DECIMAL CLASSIFICATION NUMBER
Classification number DRef 510
Edition number 2003
Item number S1m
100 1# - MAIN ENTRY--PERSONAL NAME
Personal name Stanton, Robert,
Dates associated with a name 1955-
245 10 - TITLE STATEMENT
Title Math power.
246 1# - VARYING FORM OF TITLE
Title proper/short title Kaplan math power
250 ## - EDITION STATEMENT
Edition statement 3rd edition /
Remainder of edition statement by Robert Stanton and the staff of Kaplan, Inc.
260 ## - PUBLICATION, DISTRIBUTION, ETC. (IMPRINT)
Place of publication, distribution, etc. New York :
Name of publisher, distributor, etc. Simon & Schuster,
Date of publication, distribution, etc. c2003.
300 ## - PHYSICAL DESCRIPTION
Extent xiii, 321 pages :
Other physical details illustrations ;
Dimensions 22 cm.
490 1# - SERIES STATEMENT
Series statement Power books
500 ## - GENERAL NOTE
General note
650 #0 - SUBJECT ADDED ENTRY--TOPICAL TERM
Topical term or geographic name as entry element Mathematics
Form subdivision Popular works.
710 2# - ADDED ENTRY--CORPORATE NAME
Corporate name or jurisdiction name as entry element Kaplan, Inc.
830 #0 - SERIES ADDED ENTRY--UNIFORM TITLE
Uniform title Kaplan power books.
856 42 - ELECTRONIC LOCATION AND ACCESS
Materials specified Publisher description
Uniform Resource Identifier <a href="http://www.loc.gov/catdir/description/simon041/2003269120.html">http://www.loc.gov/catdir/description/simon041/2003269120.html</a>
856 41 - ELECTRONIC LOCATION AND ACCESS
Materials specified Table of contents only
Uniform Resource Identifier <a href="http://www.loc.gov/catdir/enhancements/fy0631/2003269120-t.html">http://www.loc.gov/catdir/enhancements/fy0631/2003269120-t.html</a>
856 41 - ELECTRONIC LOCATION AND ACCESS
Materials specified Sample text
Uniform Resource Identifier <a href="http://www.loc.gov/catdir/enhancements/fy0707/2003269120-s.html">http://www.loc.gov/catdir/enhancements/fy0707/2003269120-s.html</a>
365 ## - TRADE PRICE
Price amount 579.00
Currency code Php
906 ## - LOCAL DATA ELEMENT F, LDF (RLIN)
a 7
b cbc
c origcop
d 2
e ncip
f 20
g y-gencatlg
942 ## - ADDED ENTRY ELEMENTS (KOHA)
Source of classification or shelving scheme Dewey Decimal Classification
Koha item type Reference
Holdings
Withdrawn status Lost status Source of classification or shelving scheme Damaged status Not for loan Collection code Home library Current library Date acquired Source of acquisition Total Checkouts Full call number Barcode Date last seen Price effective from Koha item type
    Dewey Decimal Classification     Reference UM Digos College - LIC UM Digos College - LIC 01/13/2006 Purchased   DRef 510 S1m 2003 18433 05/15/2025 11/12/2016 Reference